Welcome to the Holygrace Academy Library

Please use search bar below to get started

GOOD MONSTER, BAD MONSTER (Record no. 3253)

MARC details
000 -LEADER
fixed length control field 00268nam a22001217a 4500
020 ## - INTERNATIONAL STANDARD BOOK NUMBER
ISBN 0-439-34436-0
082 ## - DEWEY DECIMAL CLASSIFICATION NUMBER
Classification number 823
Item number WES/G
100 ## - MAIN ENTRY--AUTHOR NAME
Personal name WEST, TRACEY
245 ## - TITLE STATEMENT
Title GOOD MONSTER, BAD MONSTER
260 ## - PUBLICATION, DISTRIBUTION, ETC. (IMPRINT)
Place of publication USA
Name of publisher SCHOLASTIC
650 ## - SUBJECT ADDED ENTRY--TOPICAL TERM
Topical Term ENGLISH SHORT STORY
942 ## - ADDED ENTRY ELEMENTS (KOHA)
Koha item type Books
Holdings
Withdrawn status Lost status Collection code Home library Current library Shelving location Date acquired Source of acquisition Full call number Accession Number Koha item type
    Fiction Main Library Main Library SHELF 3- D- ENGLISH CHILDRENS LITERATURE &MYTHOLOGY 03/11/2012 PURCHASE 823 WES/G 07246 Books